000 00663nam a2200193 i 4500
001 171319
003 ES-MaACL
005 20230906214611.0
007 t|
008 090508s1904 fr ||||1| fre d
080 _a782.1
100 1 _aMendès, Catulle.
_980102
245 1 3 _aLa Reine Fiammette
_b: livret en quatre actes et six tableaux /
_cd'après le conte dramatique de Catulle Mendès ; musique de Xavier Leroux.
260 _aParis :
_bChoudens,
_c1904.
300 _a104 p. ;
_c18 cm.
650 4 _aÓperas-
_vLibretos.
_9137584
700 0 _aLeroux, Xavier.
_971793
852 4 _aES-MaACL
_jE-12634
_9R.140210
_z. - Biblioteca Jacinto Martínez Lacalle
999 _c171319
_d171319